| 000 | 00409 a2200145 4500 | ||
|---|---|---|---|
| 999 |
_c2348 _d2348 |
||
| 020 | _a9781847424266 | ||
| 050 | _aHM 821 DOR 2010 | ||
| 100 |
_aDorling, Daniel _eauthor |
||
| 245 |
_aInjustice: _bwhy social inequality persists/ _cDaniel Dorling |
||
| 264 |
_aBristol: _bPolicy Press, _c2010 |
||
| 300 |
_a387p.: _bill. |
||
| 500 | _aIncludes index | ||
| 650 | _aSocial inequality | ||
| 942 |
_2lcc _cBK _h821 _iDOR _kHM |
||